| 000 | 00725nam a2200277Ia 4500 | ||
|---|---|---|---|
| 008 | 170203s9999 xx 000 0 und d | ||
| 020 | _a0-590330721 | ||
| 050 | _aFic | ||
| 050 | _bC164m | ||
| 100 | _aCalmenson, Stephanie. | ||
| 245 | _aMy dog's the best / | ||
| 245 | _cby Stephanie Calmenson ; illustrated by Marcy Dunn Ramsey. | ||
| 260 | _aNew York : | ||
| 260 | _bScholastic Inc., | ||
| 260 | _c©1997. | ||
| 300 | _a1 volume (unpaged) : | ||
| 300 | _bcolor illustrations ; | ||
| 300 | _c23 cm. | ||
| 440 | _aHello reader!, | ||
| 440 | _vLevel 1. | ||
| 500 | _a"Cartwheel books." | ||
| 650 | _aDogs -- | ||
| 650 | _aPets -- | ||
| 650 | _xJuvenile fiction. | ||
| 650 | _xJuvenile fiction. | ||
| 999 |
_c306502 _d306502 |
||